000 01789nam a2200517 i 4500
001 15741
003 KOSZ 005
005 20191018150407.0
008 030110s1974 pl a f |000 0 pol
015 _aPB 1975/1198
035 _a991020082249705066
035 _a(PL-WaBN)b15443334-48omnis_nlop
035 _ab15443334
035 _a(OCoLC)830379339
035 _a(PL)b0000001544333
035 _a(EXLNZ-48OMNIS_NETWORK)9910234423205606
040 _aWA N
_cWA N
_dKOSZ 005/EG
041 0 _apol
046 _k1974
080 _a62
080 _a5
080 _a(03)
245 1 0 _aEncyklopedia techniki :
_bpodstawy techniki /
_cred. nacz. Heliodor Chmielewski ; aut. Jerzy Antoniewicz [et al.] ; red. gł. Stefan Błażewski, Grzegorz Papliński.
260 _aWarszawa :
_bWydawnictwa Naukowo-Techniczne,
_c1974.
300 _aVII, [1], 975, [1] s. :
_bil., tab., wykr. ;
_c25 cm.
336 _2rdacontent
_aTekst
_btxt
337 _2rdamedia
_aBez urządzenia pośredniczącego
_bn
338 _2rdacarrier
_aWolumin
_bnc
380 _aKsiążki
380 _aPublikacje informacyjne
388 _a1901-2000
388 _a1945-1989
504 _aBibliogr.
650 7 _aNauki przyrodnicze
_2DBN
650 7 _aTechnika
_2DBN
655 7 _aEncyklopedia
_2DBN
658 _aInżynieria i technika
700 1 _aAntoniewicz, Jerzy
_eAutor
700 1 _aBłażewski, Stefan
_eRedakcja
700 1 _aChmielewski, Heliodor
_d(1911-1981)
_eRedakcja
700 1 _aPapliński, Grzegorz
_eRedakcja
710 2 _aWydawnictwa Naukowo-Techniczne
_4pbl
856 _uhttp://koha.tu.koszalin.pl/cgi-bin/koha/opac-detail.pl?biblionumber=15741
_yKatalog online BPK
942 _2UKD
_cKS
999 _c15741
_d15741